[Event "IMSA Elite Mind Games (Blitz)"]
[Site "Huai'an CHN"]
[Date "2016.03.01"]
[EventDate "2016.02.28"]
[Round "29.1"]
[Result "1/2-1/2"]
[White "Pentala Harikrishna"]
[Black "Li Chao"]
[WhiteElo "2753"]
[BlackElo "2751"]
[PlyCount "122"]

1. e4 c5 2. Nf3 Nc6 3. Bb5 g6 4. Bxc6 bxc6 5. O-O Bg7 6. c3
Nf6 7. Re1 O-O 8. h3 Rb8 9. d4 cxd4 10. cxd4 d6 11. Nc3 Nd7
12. b3 a5 13. Be3 Ba6 14. Qd2 c5 15. Rac1 c4 16. bxc4 Bxc4
17. Bh6 Ba6 18. Bxg7 Kxg7 19. Nd5 e6 20. Ne3 h5 21. Rc3 Nf6
22. Qc2 Bb7 23. Nd2 Qb6 24. d5 exd5 25. Rb3 Qa7 26. Reb1 Ba8
27. exd5 Rxb3 28. Qxb3 Qd4 29. Nf3 Qe4 30. Rd1 Rc8 31. Qb2 Qb4
32. Qxb4 axb4 33. Rd4 Rb8 34. Ne1 b3 35. axb3 Rxb3 36. N1c2
Bb7 37. h4 Rc3 38. Nb4 Rc5 39. Nc4 Bxd5 40. Nxd5 Nxd5 41. Nxd6
Rc1+ 42. Kh2 Nf6 43. f3 Re1 44. Ra4 Re6 45. Nc4 Nd5 46. Nd2
Re2 47. Nf1 Kf6 48. Rd4 Ke5 49. Rd2 Re1 50. Ng3 Nf4 51. Ne4 f5
52. Ng5 Re2 53. Rxe2+ Nxe2 54. Nf7+ Kf4 55. Nh8 Ke3 56. Nxg6
Kf2 57. Ne7 Nf4 58. g3 Ne2 59. Nxf5 Kxf3 60. Ng7 Nxg3 61. Nxh5
Ke4 1/2-1/2

[Event "IMSA Elite Mind Games (Blitz)"]
[Site "Huai'an CHN"]
[Date "2016.03.01"]
[EventDate "2016.02.28"]
[Round "30.8"]
[Result "0-1"]
[White "Laurent Fressinet"]
[Black "Pentala Harikrishna"]
[WhiteElo "2700"]
[BlackElo "2753"]
[PlyCount "88"]

1. e4 c5 2. Nf3 e6 3. d4 cxd4 4. Nxd4 Nc6 5. Nc3 Qc7 6. Be2
Nf6 7. O-O Be7 8. Be3 O-O 9. f4 d6 10. Qd2 Nxd4 11. Bxd4 e5
12. Be3 exf4 13. Rxf4 Be6 14. Kh1 Nd7 15. Rf2 Ne5 16. Raf1
Rac8 17. Bd4 a6 18. a4 Rfe8 19. Bd3 Bf8 20. Nd5 Bxd5 21. exd5
g6 22. Qf4 f5 23. Qg3 Bg7 24. h3 Nxd3 25. Qxd3 Qc4 26. Bxg7
Qxd3 27. cxd3 Kxg7 28. g4 Kf6 29. gxf5 g5 30. h4 g4 31. h5 Re3
32. Rf4 Rh3+ 33. Kg1 Rxh5 34. Re4 Rxf5 35. Re6+ Kg5 36. Rxf5+
Kxf5 37. Rxd6 h5 38. Rh6 Kg5 39. Rb6 Kf4 40. d6 Kg3 41. Kf1
Rd8 42. d4 h4 43. Rb3+ Kf4 44. Rb6 h3 0-1

[Event "Norway Chess (Blitz)"]
[Site "Stavanger NOR"]
[Date "2016.04.18"]
[EventDate "2016.04.18"]
[Round "4.3"]
[Result "1-0"]
[White "Magnus Carlsen"]
[Black "Pentala Harikrishna"]
[WhiteElo "2851"]
[BlackElo "2763"]
[PlyCount "87"]

1. e4 c5 2. Nf3 e6 3. d4 cxd4 4. Nxd4 Nc6 5. Nc3 Qc7 6. a3 a6
7. Be3 Be7 8. f4 b5 9. Nxc6 Qxc6 10. Bd3 Bb7 11. O-O Nf6
12. Kh1 d5 13. exd5 Nxd5 14. Be4 Qd7 15. Bxd5 Bxd5 16. Nxd5
Qxd5 17. Qxd5 exd5 18. Bd4 f6 19. g3 Kf7 20. Kg2 Rhe8 21. Kf3
Rac8 22. Rf2 Bc5 23. Rd1 Re4 24. Bxc5 Rxc5 25. Rd3 b4 26. Rxd5
Rxd5 27. Kxe4 Rb5 28. a4 Ra5 29. b3 Rc5 30. c4 bxc3 31. Rc2
Ke6 32. Kd4 Rd5+ 33. Kxc3 Kf5 34. Kc4 Rd8 35. b4 Kg4 36. b5
axb5+ 37. axb5 h5 38. b6 Rc8+ 39. Kd3 Rb8 40. Rb2 h4 41. gxh4
Kxf4 42. b7 Ke5 43. h5 f5 44. Ke3 1-0

[Event "Hainan Danzhou GM"]
[Site "Danzhou CHN"]
[Date "2016.07.08"]
[EventDate "2016.07.06"]
[Round "1"]
[Result "0-1"]
[White "Pentala Harikrishna"]
[Black "Bu Xiangzhi"]
[WhiteElo "2755"]
[BlackElo "2723"]
[PlyCount "114"]

1. d4 Nf6 2. c4 e6 3. Nf3 d5 4. g3 dxc4 5. Bg2 Nc6 6. Qa4 Bb4+
7. Bd2 Nd5 8. Qb5 Bxd2+ 9. Nbxd2 c3 10. bxc3 Nxc3 11. Qb2 Na4
12. Qc2 Nb6 13. e3 O-O 14. O-O Qe7 15. Rac1 Rd8 16. Nb3 Rb8
17. Nc5 Nd5 18. a3 h6 19. Rfe1 b6 20. Nxe6 Bxe6 21. Qxc6 Qxa3
22. Ra1 Qd6 23. Qxd6 cxd6 24. Rxa7 Nc3 25. e4 b5 26. d5 Bg4
27. Nd4 b4 28. h3 Bd1 29. e5 b3 30. e6 fxe6 31. Rxe6 Bc2
32. Nxb3 Rxb3 33. Ree7 g5 34. Rac7 Bf5 35. Rg7+ Kh8 36. Rgf7
Ne2+ 37. Kh2 Nd4 38. g4 Bd3 39. f4 gxf4 40. Rxf4 Rb2 41. Rcf7
Ne2 42. Rf2 Rdb8 43. R7f6 Nc3 44. Rxh6+ Kg7 45. Rhf6 Nd1
46. Rxb2 Rxb2 47. Rxd6 Bf1 48. Kg3 Rxg2+ 49. Kf4 Rf2+ 50. Kg5
Nc3 51. Rg6+ Kf7 52. d6 Ne4+ 53. Kh6 Rd2 54. Rg7+ Kf8 55. g5
Nxd6 56. Kh7 Bxh3 57. g6 Be6 0-1

[Event "Hainan Danzhou GM"]
[Site "Danzhou CHN"]
[Date "2016.07.11"]
[EventDate "2016.07.08"]
[Round "4.3"]
[Result "1/2-1/2"]
[White "Yu Yangyi"]
[Black "Pentala Harikrishna"]
[WhiteElo "2734"]
[BlackElo "2755"]
[PlyCount "173"]

1. e4 e5 2. Nf3 Nf6 3. Nxe5 d6 4. Nf3 Nxe4 5. d4 d5 6. Bd3 Be7
7. O-O Nc6 8. Nbd2 Nd6 9. c3 Bf5 10. Bxf5 Nxf5 11. Re1 Qd7
12. b4 a6 13. Nb3 O-O 14. Bf4 Rae8 15. Qd3 Bd6 16. Ne5 Nxe5
17. dxe5 Be7 18. a3 Qe6 19. Nd4 Nxd4 20. cxd4 c6 21. Bd2 f6
22. f4 f5 23. a4 Ra8 24. Rec1 Rfc8 25. Rab1 Qg6 26. Rb3 Qe6
27. Kh1 Rf8 28. Qb1 Rac8 29. Rbc3 Qd7 30. Qb3 Kh8 31. R1c2 h6
32. Bc1 Rg8 33. Ba3 b5 34. Bc1 Qb7 35. a5 Qd7 36. Bd2 Qe6
37. Rh3 Rc7 38. Rc1 Rf8 39. Rf1 Kg8 40. Be1 Rf7 41. Qb1 Rc8
42. Qd1 Bf8 43. Qh5 Kh7 44. Rff3 Be7 45. Rb3 Bf8 46. Bh4 Kg8
47. Kg1 Re8 48. Kf1 Kh7 49. Ke2 g6 50. Qf3 Kg8 51. Kd1 Rg7
52. Rg3 Kf7 53. Bf6 Rg8 54. h4 h5 55. Kc2 Bh6 56. Rc3 Qd7
57. Kb3 Re6 58. Bg5 Bg7 59. Rc2 Rc8 60. Qd1 Qa7 61. Rgc3 Qd7
62. Rc1 Kg8 63. Qf3 Kf7 64. Rc5 Ree8 65. Qd3 Bf8 66. R5c2 Re6
67. Rh1 Bg7 68. Qc3 Qa7 69. Rhc1 Kg8 70. Qc5 Qd7 71. Re2 Bf8
72. Qc3 Bg7 73. Re3 Kf7 74. Qd3 Kg8 75. Re2 Kf7 76. Rf2 Ree8
77. Rh1 Re6 78. Qc2 Qa7 79. Qc3 Rh8 80. Qd3 Qd7 81. Rc2 Ree8
82. Rc5 Re6 83. Rhc1 Rc8 84. Qf3 Ree8 85. Qc3 Re6 86. Qf3 Ree8
87. Qc3 1/2-1/2

[Event "Hainan Danzhou GM"]
[Site "Danzhou CHN"]
[Date "2016.07.13"]
[EventDate "2016.07.06"]
[Round "6"]
[Result "1/2-1/2"]
[White "Peter Leko"]
[Black "Pentala Harikrishna"]
[WhiteElo "2712"]
[BlackElo "2755"]
[PlyCount "93"]

1. d4 Nf6 2. c4 e6 3. Nf3 d5 4. Nc3 c6 5. e3 Nbd7 6. Qc2 Bd6
7. b3 O-O 8. Be2 e5 9. cxd5 cxd5 10. Nb5 Bb4+ 11. Bd2 Bxd2+
12. Nxd2 a6 13. dxe5 Nxe5 14. Nd4 Bg4 15. Bxg4 Nfxg4 16. O-O
Rc8 17. Qd1 Qd6 18. h3 Nf6 19. N2f3 Nxf3+ 20. Qxf3 Rc7
21. Rfc1 Rfc8 22. Rxc7 Rxc7 23. Rd1 g6 24. g3 Qe5 25. Kg2 Ne4
26. Qf4 Qxf4 27. gxf4 Kf8 28. f3 Nc3 29. Rc1 Nb5 30. Rxc7 Nxc7
31. f5 Ke7 32. f4 Ne8 33. Kf3 Nd6 34. fxg6 fxg6 35. Kg4 Kf6
36. Kf3 Ne4 37. Ne2 Ke7 38. Nd4 Nc3 39. a3 Nb1 40. a4 Nc3
41. a5 Kd6 42. b4 Na2 43. Nc2 Kc6 44. Nd4+ Kd6 45. Nc2 Kc6
46. Nd4+ Kd6 47. Nc2 1/2-1/2

[Event "Hainan Danzhou GM"]
[Site "Danzhou CHN"]
[Date "2016.07.15"]
[EventDate "2016.07.06"]
[Round "7"]
[Result "1-0"]
[White "Pentala Harikrishna"]
[Black "Ian Nepomniachtchi"]
[WhiteElo "2755"]
[BlackElo "2725"]
[PlyCount "85"]

1. e4 c5 2. Nf3 d6 3. d4 cxd4 4. Nxd4 Nf6 5. Nc3 a6 6. h3 e5
7. Nde2 h5 8. g3 Nbd7 9. a4 b6 10. Nd5 Nxd5 11. Qxd5 Rb8
12. Nc3 Bb7 13. Qd2 Nf6 14. Bg2 Be7 15. O-O O-O 16. Qe2 h4
17. gxh4 b5 18. axb5 axb5 19. h5 b4 20. Nd1 Ra8 21. Rxa8 Qxa8
22. Re1 Re8 23. c4 Bf8 24. Bd2 Rc8 25. Bg5 Nh7 26. h4 Qa2
27. Bf1 Rc7 28. Qd3 Ba6 29. b3 Bc8 30. Ne3 Be6 31. Nd5 Rb7
32. Bh3 Qa8 33. Bf5 Ra7 34. Nxb4 Ra1 35. Rxa1 Qxa1+ 36. Kg2
Bxf5 37. exf5 e4 38. Qxe4 Qc3 39. Nd5 Qxb3 40. h6 gxh6 41. Bf6
Nxf6 42. Nxf6+ Kg7 43. Nd7 1-0

[Event "Hainan Danzhou GM"]
[Site "Danzhou CHN"]
[Date "2016.07.17"]
[EventDate "2016.07.06"]
[Round "9"]
[Result "1/2-1/2"]
[White "Pentala Harikrishna"]
[Black "Yifan Hou"]
[WhiteElo "2755"]
[BlackElo "2653"]
[PlyCount "60"]

1. d4 Nf6 2. c4 e6 3. Nc3 Bb4 4. Nf3 d5 5. cxd5 exd5 6. Bg5 h6
7. Bh4 c5 8. dxc5 Nbd7 9. e3 Qa5 10. Qd4 O-O 11. a3 Bxc3+
12. Qxc3 Qxc3+ 13. bxc3 Ne4 14. Nd4 g5 15. Bg3 Ndxc5 16. f3
Nxg3 17. hxg3 Kg7 18. g4 Be6 19. Kd2 Rac8 20. Be2 Bd7 21. Rab1
Rc7 22. Rhc1 Rfc8 23. Bd1 b6 24. Bb3 Nxb3+ 25. Rxb3 Rc5
26. Rb4 Ra5 27. Ra1 Rac5 28. Rc1 Ra5 29. Ra1 Rac5 30. Rc1 Ra5
1/2-1/2

[Event "TCh-AUT 2016/17"]
[Site "Austria AUT"]
[Date "2016.10.22"]
[EventDate "2016.10.20"]
[Round "3.4"]
[Result "1-0"]
[White "Pentala Harikrishna"]
[Black "Alexey Shirov"]
[WhiteElo "2762"]
[BlackElo "2679"]
[PlyCount "109"]

1. e4 e6 2. d4 d5 3. Nc3 Nf6 4. e5 Nfd7 5. f4 c5 6. Nf3 Nc6
7. Be3 Be7 8. Qd2 O-O 9. dxc5 Nxc5 10. O-O-O a6 11. h4 Qc7
12. Bxc5 Bxc5 13. Bd3 f5 14. exf6 Rxf6 15. g3 h6 16. Qe2 Bd7
17. h5 Re8 18. Rhe1 Bb4 19. Ne5 Bxc3 20. bxc3 Nxe5 21. Qxe5
Qa5 22. Qd6 Bc6 23. Qb4 Qxa2 24. Kd2 Qa4 25. Qb6 Qa3 26. Ra1
Qd6 27. Re5 Qd8 28. Qd4 Bb5 29. Bxb5 axb5 30. Rb1 Qd7 31. Qd3
Rf5 32. Rxf5 exf5 33. Rxb5 Rd8 34. c4 dxc4 35. Qxd7 Rxd7+
36. Kc3 g6 37. hxg6 Rd6 38. Kxc4 Rxg6 39. Rb3 Rc6+ 40. Kd3 b6
41. Rc3 Rd6+ 42. Kc4 Kg7 43. Kb5 Rd2 44. Kxb6 Rg2 45. Kc5 Kg6
46. Kd4 Kh5 47. Rc6 Rxg3 48. Ke5 Rg8 49. Kxf5 Rf8+ 50. Ke4 Kg4
51. Rxh6 Rxf4+ 52. Kd5 Rf5+ 53. Kd4 Rf4+ 54. Kc5 Rf5+ 55. Kb4
1-0

[Event "Tata Steel Masters"]
[Site "Wijk aan Zee NED"]
[Date "2017.01.14"]
[EventDate "2017.01.13"]
[Round "1"]
[Result "1/2-1/2"]
[White "Pentala Harikrishna"]
[Black "Levon Aronian"]
[WhiteElo "2766"]
[BlackElo "2780"]
[PlyCount "97"]

1. e4 e5 2. Nf3 Nc6 3. Bb5 a6 4. Ba4 Nf6 5. O-O Be7 6. Re1 b5
7. Bb3 O-O 8. c3 d5 9. exd5 Nxd5 10. Nxe5 Nxe5 11. Rxe5 c6
12. d3 Bd6 13. Re1 Bf5 14. Qf3 Qh4 15. g3 Qh3 16. Be3 Bxd3
17. Nd2 Qf5 18. Bd4 Rfe8 19. a4 h6 20. Kg2 Qxf3+ 21. Nxf3 Bf5
22. Be5 Bc5 23. Nd4 Bd7 24. axb5 axb5 25. Rxa8 Rxa8 26. Nxb5
Be6 27. Nd4 Bxd4 28. Bxd4 Nf4+ 29. gxf4 Bxb3 30. Kg3 f6 31. h4
h5 32. Bc5 Rd8 33. Bd4 Ra8 34. f3 Ra2 35. Re8+ Kh7 36. Re7 Kg8
37. Re2 Kh7 38. Re7 Kg8 39. Rb7 Rxb2 40. Rb6 Kh7 41. Rxc6 Rd2
42. Rc5 Kg6 43. f5+ Kh7 44. Rc7 Kg8 45. Rc8+ Kh7 46. Rd8 Rc2
47. Rd7 Kg8 48. Rd8+ Kh7 49. Rd7 1/2-1/2

[Event "Tata Steel Masters"]
[Site "Wijk aan Zee NED"]
[Date "2017.01.15"]
[EventDate "2017.01.14"]
[Round "2.7"]
[Result "1-0"]
[White "Pentala Harikrishna"]
[Black "Baskaran Adhiban"]
[WhiteElo "2766"]
[BlackElo "2653"]
[PlyCount "85"]

1. e4 e5 2. Nf3 Nc6 3. Bb5 a6 4. Ba4 Nf6 5. O-O b5 6. Bb3 Bc5
7. c3 d6 8. d4 Bb6 9. Be3 O-O 10. h3 exd4 11. cxd4 Nxe4
12. Bd5 Qe8 13. Qc2 Nb4 14. Qxe4 Qxe4 15. Bxe4 d5 16. Bxh7+
Kxh7 17. Nc3 c6 18. Rad1 a5 19. a3 Nc2 20. Rd2 Nxe3 21. fxe3
f6 22. Rc1 Bd7 23. Kf2 Rae8 24. Ne2 Re7 25. Nf4 Rfe8 26. Re2
g5 27. Nd3 Kg7 28. Nc5 Bf5 29. Ree1 Kg6 30. Nd2 Kg7 31. Nf3
Kg6 32. g4 Bc8 33. Nd3 Bd7 34. h4 gxh4 35. Nxh4+ Kg5 36. Nf3+
Kxg4 37. Rh1 Kf5 38. Rh5+ Ke6 39. Rh6 Kf5 40. Nh4+ Kg5
41. Rg6+ Kxh4 42. Rh1+ Bh3 43. Rg3 1-0

[Event "Tata Steel Masters"]
[Site "Wijk aan Zee NED"]
[Date "2017.01.17"]
[EventDate "2017.01.13"]
[Round "4"]
[Result "1/2-1/2"]
[White "Pentala Harikrishna"]
[Black "Sergey Karjakin"]
[WhiteElo "2766"]
[BlackElo "2785"]
[PlyCount "60"]

1. e4 e5 2. Nf3 Nc6 3. Bc4 Bc5 4. O-O Nf6 5. d3 O-O 6. h3 d6
7. c3 a6 8. Re1 Ba7 9. Bb3 Re8 10. Nbd2 Be6 11. Nf1 h6 12. Be3
Bxe3 13. Nxe3 Qd7 14. Nh2 Bxb3 15. axb3 Ne7 16. b4 d5 17. Nhg4
Nxg4 18. Qxg4 Rad8 19. exd5 Qxg4 20. hxg4 Nxd5 21. Nxd5 Rxd5
22. d4 Kf8 23. dxe5 Rexe5 24. Rxe5 Rxe5 25. Kf1 Ke7 26. Rd1 h5
27. gxh5 Rxh5 28. Ke2 Re5+ 29. Kf1 Rh5 30. Ke2 Re5+ 1/2-1/2

[Event "Tata Steel Masters"]
[Site "Wijk aan Zee NED"]
[Date "2017.01.21"]
[EventDate "2017.01.13"]
[Round "7"]
[Result "1/2-1/2"]
[White "Dmitry Andreikin"]
[Black "Pentala Harikrishna"]
[WhiteElo "2736"]
[BlackElo "2766"]
[PlyCount "85"]

1. c3 e5 2. d4 exd4 3. cxd4 d5 4. Nc3 c6 5. Bf4 Bd6 6. Bg3 Ne7
7. e3 Nf5 8. Bxd6 Nxd6 9. Bd3 Bf5 10. Bxf5 Nxf5 11. Qg4 g6
12. e4 dxe4 13. Qxe4+ Ne7 14. h4 O-O 15. h5 Nd5 16. Nge2 Re8
17. Qf3 Qf6 18. hxg6 fxg6 19. Qh3 Qf7 20. O-O-O Nd7 21. Nxd5
cxd5 22. Nc3 Nb6 23. Rd3 Re7 24. Rf3 Qg7 25. Re3 Rf8 26. Qh4
Rxe3 27. fxe3 Qd7 28. e4 dxe4 29. Qxe4 Re8 30. Qd3 Nd5 31. Kb1
Qe6 32. a3 Nxc3+ 33. Qxc3 Qe4+ 34. Ka2 Qd5+ 35. Ka1 Qxg2
36. Qb3+ Kh8 37. Rd1 Qe2 38. d5 Re3 39. Qa4 Re4 40. Qb3 Re3
41. Qa4 Re4 42. Qb3 Re3 43. Qa4 1/2-1/2

[Event "Tata Steel Masters"]
[Site "Wijk aan Zee NED"]
[Date "2017.01.24"]
[EventDate "2017.01.13"]
[Round "9"]
[Result "1/2-1/2"]
[White "Ian Nepomniachtchi"]
[Black "Pentala Harikrishna"]
[WhiteElo "2767"]
[BlackElo "2766"]
[PlyCount "157"]

1. Nf3 Nf6 2. c4 c5 3. Nc3 d5 4. cxd5 Nxd5 5. e3 e6 6. Nxd5
exd5 7. b4 c4 8. Bb2 Bxb4 9. Bxg7 Rg8 10. Be5 Nc6 11. Bg3 Bf5
12. Be2 Be7 13. O-O h5 14. d3 h4 15. Bf4 d4 16. exd4 Nxd4
17. dxc4 Nxe2+ 18. Qxe2 Bd3 19. Qe5 Bxf1 20. Rxf1 Rc8 21. Re1
Rc6 22. Nd4 Rcg6 23. g3 hxg3 24. hxg3 Kf8 25. Rd1 Qd7 26. Rd2
Rf6 27. Qh5 a6 28. Bg5 Rd6 29. Bh6+ Ke8 30. Qe5 b6 31. a4 Qb7
32. Bf4 Rd7 33. Nf5 Rxd2 34. Bxd2 Rg6 35. Bb4 Re6 36. Ng7+ Kd7
37. Qd4+ Rd6 38. Bxd6 Bxd6 39. Nf5 Qc6 40. Qf6 Bc5 41. Qxf7+
Kc8 42. Qg8+ Kb7 43. Qg7+ Kc8 44. Qh8+ Kb7 45. Qh7+ Kb8 46. g4
Qxa4 47. Qh2+ Kb7 48. Qf4 a5 49. g5 Qc6 50. Nd4 Qg6 51. Nb5
Qg7 52. Kg2 a4 53. Qf3+ Kb8 54. Qg3+ Kc8 55. g6 a3 56. Nd6+
Kd7 57. Nf5 Qg8 58. g7 a2 59. Qg4 a1=Q 60. Nh6+ Qe6 61. Qxe6+
Kxe6 62. g8=Q+ Kd7 63. Qf7+ Kc6 64. Ng4 Qd4 65. Qf5 Bd6
66. Ne3 Qg7+ 67. Kf1 Bc5 68. Qc8+ Qc7 69. Qe6+ Kb7 70. Qe4+
Qc6 71. Nd5 b5 72. Qh7+ Ka6 73. Qe4 Ka7 74. Qh7+ Ka6 75. Nc7+
Ka5 76. Nxb5 Qf3 77. Qc2 Kb4 78. Qd2+ Kxc4 79. Qe2+ 1/2-1/2

[Event "Tata Steel Masters"]
[Site "Wijk aan Zee NED"]
[Date "2017.01.27"]
[EventDate "2017.01.13"]
[Round "11"]
[Result "1/2-1/2"]
[White "Anish Giri"]
[Black "Pentala Harikrishna"]
[WhiteElo "2773"]
[BlackElo "2766"]
[PlyCount "71"]

1. Nf3 Nf6 2. c4 c5 3. Nc3 d5 4. cxd5 Nxd5 5. e4 Nb4 6. Bc4
Nd3+ 7. Ke2 Nxc1+ 8. Rxc1 a6 9. d4 b5 10. Bd5 Ra7 11. dxc5 e6
12. c6 b4 13. Qd4 Rc7 14. Na4 exd5 15. exd5 Be7 16. Qxg7 Bf6
17. Qh6 Re7+ 18. Kf1 Qxd5 19. Qxf6 Rg8 20. h3 Re6 21. Qf4 Nxc6
22. Nc5 Re7 23. g3 Rg6 24. Kg2 Qd6 25. Qc4 Qf6 26. Rce1 Qxb2
27. Na4 Qa3 28. Nb6 Bb7 29. Nd5 Rge6 30. Qc5 Rxe1 31. Rxe1
Rxe1 32. Nxe1 Qxa2 33. Nf3 Kd7 34. Kh2 Qe2 35. Nf6+ Kc7
36. Nd5+ 1/2-1/2

[Event "Tata Steel Masters"]
[Site "Wijk aan Zee NED"]
[Date "2017.01.28"]
[EventDate "2017.01.13"]
[Round "12"]
[Result "1/2-1/2"]
[White "Pentala Harikrishna"]
[Black "Richard Rapport"]
[WhiteElo "2766"]
[BlackElo "2702"]
[PlyCount "104"]

1. e4 c6 2. d4 d5 3. e5 Bf5 4. Nf3 e6 5. Be2 Ne7 6. O-O Ng6
7. Be3 Nd7 8. Ne1 h5 9. Nd2 Ndxe5 10. dxe5 d4 11. Nc4 dxe3
12. Nxe3 Nxe5 13. Nxf5 exf5 14. Nd3 Bd6 15. Nxe5 Bxe5
16. Qxd8+ Kxd8 17. c3 f4 18. Bc4 f6 19. Rfe1 Kc7 20. Rad1 Rae8
21. h3 Re7 22. Bd3 g5 23. Bf5 Rg8 24. f3 a5 25. a4 Rb8 26. Kf1
b5 27. axb5 Rxb5 28. Rd2 a4 29. Re4 Ra5 30. Bg6 h4 31. Rc4 Bd6
32. Be4 Bc5 33. Rd1 Kb6 34. Ra1 Rb5 35. Ra2 Rd7 36. Rcxa4 Kc7
37. b4 Be3 38. c4 Rb8 39. c5 Rd1+ 40. Ke2 Rg1 41. Kd3 Rd1+
42. Kc3 Rc1+ 43. Bc2 Bf2 44. Ra7+ Rb7 45. Rxb7+ Kxb7 46. Kb3
Bd4 47. Kc4 Ra1 48. Ra5 Rxa5 49. bxa5 Bf2 50. Be4 Be1 51. a6+
Kxa6 52. Bxc6 Ka7 1/2-1/2

[Event "Tata Steel Masters"]
[Site "Wijk aan Zee NED"]
[Date "2017.01.29"]
[EventDate "2017.01.13"]
[Round "13"]
[Result "1-0"]
[White "Loek van Wely"]
[Black "Pentala Harikrishna"]
[WhiteElo "2695"]
[BlackElo "2766"]
[PlyCount "71"]

1. d4 Nf6 2. c4 e6 3. g3 d5 4. Nf3 dxc4 5. Bg2 Bd7 6. Ne5 Nc6
7. Nxc4 Bb4+ 8. Nc3 Nd5 9. Qd3 O-O 10. O-O Be7 11. Rd1 Bf6
12. e3 Ncb4 13. Qd2 c5 14. Ne4 cxd4 15. Nxf6+ Qxf6 16. e4 Rac8
17. Na3 Ba4 18. exd5 Bxd1 19. Qxb4 Be2 20. d6 Rfd8 21. Bd2 b6
22. Re1 d3 23. Nc4 a5 24. Qb5 Rc5 25. Qa6 b5 26. Nxa5 Rc2
27. Nc6 h6 28. Nxd8 Qxd8 29. Qa8 Rc8 30. Qb7 f5 31. Bc6 Qf8
32. d7 Rd8 33. Qc7 Kh7 34. Bxb5 Qf6 35. Qc3 e5 36. Bxd3 1-0

[Event "Shenzhen Masters"]
[Site "Shenzhen CHN"]
[Date "2017.03.23"]
[EventDate "2017.03.23"]
[Round "1.2"]
[Result "1/2-1/2"]
[White "Pentala Harikrishna"]
[Black "Peter Svidler"]
[WhiteElo "2758"]
[BlackElo "2741"]
[PlyCount "60"]

1. Nf3 Nf6 2. g3 g6 3. Bg2 Bg7 4. d4 d5 5. O-O O-O 6. c4 c6
7. b3 dxc4 8. bxc4 c5 9. Bb2 Qb6 10. Qc1 cxd4 11. Nxd4 Nc6
12. Nxc6 bxc6 13. Nd2 Bf5 14. Nb3 Rfd8 15. Be5 a5 16. c5 Qa6
17. Qb2 Qb7 18. Qa3 Be4 19. Rfd1 Rxd1+ 20. Rxd1 Bxg2 21. Kxg2
Qb4 22. Qxb4 axb4 23. Nd4 Ne4 24. Bxg7 Kxg7 25. Nxc6 Rxa2
26. Nxb4 Rb2 27. Na6 Ra2 28. Nb4 Rb2 29. Na6 Ra2 30. Nb4 Rb2
1/2-1/2

[Event "Shenzhen Masters"]
[Site "Shenzhen CHN"]
[Date "2017.03.25"]
[EventDate "2017.03.22"]
[Round "3"]
[Result "0-1"]
[White "Pentala Harikrishna"]
[Black "Anish Giri"]
[WhiteElo "2758"]
[BlackElo "2769"]
[PlyCount "112"]

1. e4 c5 2. Nf3 d6 3. d4 cxd4 4. Nxd4 Nf6 5. f3 e5 6. Nb3 d5
7. Bg5 Be6 8. Bxf6 gxf6 9. exd5 Qxd5 10. Qxd5 Bxd5 11. Nc3 Be6
12. O-O-O Nc6 13. Bb5 Rc8 14. Nd5 f5 15. Na5 Bh6+ 16. Kb1 Kf8
17. Nb3 Kg7 18. Rhe1 Rhd8 19. Nc3 Rxd1+ 20. Nxd1 Kf6 21. Bxc6
Rxc6 22. Nf2 Rc4 23. Re2 b6 24. Nc1 Bf8 25. Ncd3 Bd6 26. b3
Rc8 27. g4 Bd5 28. Ne1 Bb4 29. gxf5 Kxf5 30. Ng2 Ba8 31. c4 f6
32. Ne4 Ke6 33. Ne3 f5 34. Ng5+ Kf6 35. Rg2 Rc7 36. Nc2 Bc5
37. b4 Bf8 38. Nh3 Bxf3 39. Rg8 Bh6 40. c5 bxc5 41. b5 Rb7
42. a4 a6 43. Rc8 axb5 44. a5 Ra7 45. Rxc5 Rxa5 46. Nf2 Bf8
47. Rc7 Be7 48. Ne3 f4 49. Neg4+ Bxg4 50. Nxg4+ Ke6 51. Nf2
Ra4 52. Rb7 Rb4+ 53. Kc2 f3 54. Nd3 Rc4+ 55. Kd1 Rd4 56. Kc2
b4 0-1

[Event "Shenzhen Masters"]
[Site "Shenzhen CHN"]
[Date "2017.03.27"]
[EventDate "2017.03.23"]
[Round "5.3"]
[Result "1/2-1/2"]
[White "Pentala Harikrishna"]
[Black "Yu Yangyi"]
[WhiteElo "2758"]
[BlackElo "2750"]
[PlyCount "204"]

1. d4 Nf6 2. c4 e6 3. Nc3 d5 4. Bg5 Be7 5. e3 h6 6. Bh4 Nbd7
7. Rc1 O-O 8. Nf3 c5 9. dxc5 dxc4 10. Bxc4 Nxc5 11. O-O a6
12. Be2 b5 13. b4 Qxd1 14. Rfxd1 Ncd7 15. a3 g5 16. Bg3 Bb7
17. h4 g4 18. Nh2 h5 19. f3 gxf3 20. gxf3 Rfc8 21. Bd3 Nd5
22. Nxd5 Bxd5 23. Kf2 Nb6 24. Rg1 Rxc1 25. Rxc1 Bc4 26. Be4
Rd8 27. Nf1 Bxf1 28. Kxf1 Nc4 29. Bf2 Rd2 30. Bb7 Ra2 31. Bxa6
Rxa3 32. Bxb5 Nxe3+ 33. Bxe3 Rxe3 34. Be2 Bxb4 35. Kf2 Ra3
36. Rg1+ Kh7 37. Rg5 Kh6 38. f4 Be7 39. Rxh5+ Kg7 40. Rb5
Bxh4+ 41. Kg2 Rg3+ 42. Kf1 Re3 43. Re5 Rh3 44. Bg4 Rg3
45. Bxe6 Bf6 46. Re4 fxe6 47. Rxe6 Kg6 48. Ke2 Kf5 49. Re3 Rg4
50. Rd3 Ke4 51. Re3+ Kxf4 52. Rf3+ Ke5 53. Re3+ Kd5 54. Kf3
Rg8 55. Re4 Be5 56. Rg4 Rh8 57. Rg2 Rf8+ 58. Ke2 Ke4 59. Rg4+
Bf4 60. Rg7 Rh8 61. Re7+ Be5 62. Ke1 Rh2 63. Re8 Kd4 64. Kf1
Bf4 65. Re2 Rh8 66. Kf2 Rf8 67. Ra2 Be3+ 68. Kg3 Ke4 69. Ra4+
Bd4 70. Kg4 Rg8+ 71. Kh4 Ke3 72. Kh5 Be5 73. Rg4 Rf8 74. Ra4
Kf3 75. Kg6 Bf4 76. Kg7 Rf5 77. Kg6 Kg4 78. Ra1 Rg5+ 79. Kf7
Kf5 80. Rd1 Rh5 81. Rd5+ Be5 82. Rd7 Rh6 83. Ke7 Rc6 84. Rd5
Rc8 85. Rd7 Rh8 86. Kf7 Rh1 87. Ke7 Rh6 88. Kf7 Bd6 89. Kg7
Kg5 90. Kg8 Kf5 91. Kg7 Rg6+ 92. Kf7 Rf6+ 93. Kg7 Bf8+ 94. Kg8
Ke6 95. Ra7 Bd6 96. Kg7 Rf1 97. Ra6 Rf7+ 98. Kg6 Rf8 99. Kg7
Rd8 100. Kg6 Rg8+ 101. Kh6 Rg1 102. Rb6 Ke5 1/2-1/2

[Event "Shenzhen Masters"]
[Site "Shenzhen CHN"]
[Date "2017.03.29"]
[EventDate "2017.03.22"]
[Round "6"]
[Result "1-0"]
[White "Peter Svidler"]
[Black "Pentala Harikrishna"]
[WhiteElo "2741"]
[BlackElo "2758"]
[PlyCount "88"]

1. Nf3 Nf6 2. c4 e6 3. Nc3 d5 4. d4 Be7 5. Bf4 O-O 6. a3 c5
7. dxc5 Bxc5 8. cxd5 Nxd5 9. Nxd5 exd5 10. e3 Nc6 11. Bd3 Bb6
12. O-O Bg4 13. h3 Bh5 14. b4 a6 15. Rc1 d4 16. g4 Bg6 17. e4
Re8 18. Re1 Rc8 19. Bc4 Qf6 20. Bg5 Qd6 21. e5 Qd7 22. Qb3 h6
23. Bh4 Re6 24. Rcd1 Bh7 25. Rd2 g5 26. Bg3 Nd8 27. Red1 Qc7
28. Bd3 Bxd3 29. Rxd3 Nc6 30. a4 Qe7 31. b5 axb5 32. axb5 Nxe5
33. Nxe5 Rxe5 34. Bxe5 Qxe5 35. Rf3 Qe7 36. Kg2 Rc7 37. Qd5
Kg7 38. Rh1 Rd7 39. Re1 Qd8 40. Qe5+ f6 41. Qf5 Bc7 42. Re6
Rf7 43. h4 gxh4 44. Kh3 Be5 1-0

[Event "Shenzhen Masters"]
[Site "Shenzhen CHN"]
[Date "2017.03.31"]
[EventDate "2017.03.22"]
[Round "8"]
[Result "1/2-1/2"]
[White "Anish Giri"]
[Black "Pentala Harikrishna"]
[WhiteElo "2769"]
[BlackElo "2758"]
[PlyCount "81"]

1. d4 Nf6 2. c4 e6 3. Nf3 d5 4. Nc3 Bb4 5. Bg5 dxc4 6. e4 c5
7. Bxc4 cxd4 8. Nxd4 Bxc3+ 9. bxc3 Qa5 10. Bb5+ Nbd7 11. Bxf6
Qxc3+ 12. Kf1 gxf6 13. h4 Qb4 14. Rh3 a6 15. Be2 Ne5 16. Rb1
Qd6 17. Rc3 O-O 18. h5 Rd8 19. Qb3 Bd7 20. Rd1 Qf8 21. Rc7 Qh6
22. Rxb7 Qf4 23. g3 Qxe4 24. f3 Qd5 25. Qxd5 exd5 26. h6 Kf8
27. Rc1 Nc4 28. Kf2 Nd6 29. Rb6 Bb5 30. Rc5 Rab8 31. Rxb8 Rxb8
32. Rxd5 Rb6 33. g4 Bxe2 34. Nxe2 f5 35. g5 f6 36. gxf6 Nf7
37. Ng3 Rxf6 38. Nxf5 Nxh6 39. Rd8+ Kf7 40. Ne3 Nf5 41. Rd7+
1/2-1/2

[Event "Shenzhen Masters"]
[Site "Shenzhen CHN"]
[Date "2017.04.01"]
[EventDate "2017.03.23"]
[Round "9.3"]
[Result "1/2-1/2"]
[White "Yu Yangyi"]
[Black "Pentala Harikrishna"]
[WhiteElo "2750"]
[BlackElo "2758"]
[PlyCount "62"]

1. e4 e5 2. Nf3 Nc6 3. Bb5 a6 4. Ba4 Nf6 5. O-O Be7 6. d3 d6
7. c3 O-O 8. Nbd2 Re8 9. Re1 Bf8 10. h3 h6 11. d4 b5 12. Bc2
Bb7 13. a4 exd4 14. cxd4 Nb4 15. Bb1 c5 16. d5 Nd7 17. Ra3 c4
18. axb5 axb5 19. Nd4 Rxa3 20. bxa3 Nd3 21. Bxd3 cxd3 22. Bb2
Nc5 23. Bc3 Qb6 24. Re3 Bc8 25. N4b3 Qa6 26. Bb4 Qa4 27. Qb1
f5 28. exf5 Rxe3 29. fxe3 Bxf5 30. Nd4 Bd7 31. N4f3 Bf5
1/2-1/2